[Event "TCh-FRA Top 12 2016"]
[Site "Drancy FRA"]
[Date "2016.06.02"]
[Round "6.6"]
[Board "8"]
[White "De Seroux, Camille"]
[Black "Skripchenko, Almira"]
[Result "1/2-1/2"]
[WhiteTitle "WFM"]
[BlackTitle "IM"]
[WhiteElo "2085"]
[BlackElo "2453"]
[WhiteTeam "L'Echiquier Chalonnais, CHALONS-EN-CHAMPAGNE"]
[BlackTeam "CLICHY Echecs 92"]
[WhiteFideId "1305620"]
[BlackFideId "13900145"]
[EventDate "2016.05.28"]

1. e4 Nc6 2. Nf3 d6 3. d4 Nf6 4. Nc3 g6 5. h3 Bg7 6. Be2 O-O 7. O-O a6 8. a4 d5
9. exd5 Nb4 10. Bg5 h6 11. Bf4 b6 12. Ne5 Bb7 13. Bf3 g5 14. Bh2 Ne8 15. Re1
Nxd5 16. Nxd5 Bxd5 17. Nc6 Bxc6 18. Bxc6 Rb8 19. c3 a5 20. Qd3 e6 21. Rad1 Nd6
22. d5 exd5 23. Qxd5 Qf6 24. Bxd6 Rfd8 25. Be7 Rxd5 26. Bxf6 Rxd1 27. Rxd1 Bxf6
28. g3 Rd8 1/2-1/2

[Event "TCh-FRA Top 12 2016"]
[Site "Drancy FRA"]
[Date "2016.06.03"]
[Round "7.1"]
[Board "1"]
[White "Solodovnichenko, Yuri"]
[Black "Kogan, Arthur"]
[Result "0-1"]
[WhiteTitle "GM"]
[BlackTitle "GM"]
[WhiteElo "2587"]
[BlackElo "2528"]
[WhiteTeam "VANDOEUVRE Echecs"]
[BlackTeam "Cavalier Bleu DRANCY"]
[WhiteFideId "14104369"]
[BlackFideId "2800802"]
[EventDate "2016.05.28"]

1. e4 c5 2. Nf3 e6 3. d4 cxd4 4. Nxd4 Nf6 5. Nc3 Nc6 6. Nxc6 bxc6 7. e5 Nd5 8.
Ne4 Qc7 9. f4 Qb6 10. c4 Bb4+ 11. Ke2 f5 12. exf6 Nxf6 13. Be3 Qa5 14. Nxf6+
gxf6 15. Kf2 O-O 16. Bd3 Rf7 17. h4 Bc5 18. Rh3 Rg7 19. h5 f5 20. Qe2 Bb7 21. h6
Rg6 22. b4 Bxb4 23. g4 Rxg4 24. Rg3 Rxg3 25. Kxg3 Bc3 26. Rb1 Qc7 27. Bc1 Kf7
28. Qh5+ Ke7 29. Ba3+ c5 30. Bxf5 Rg8+ 31. Bg4 Be4 32. Rg1 Bf5 33. Kh3 Rxg4 34.
Rxg4 Qxf4 35. Qh4+ Bf6 36. Qg3 Qxh6+ 37. Kg2 Qd2+ 38. Kh1 Qd1+ 0-1

[Event "TCh-FRA Top 12 2016"]
[Site "Drancy FRA"]
[Date "2016.06.03"]
[Round "7.1"]
[Board "2"]
[White "Petkov, Vladimir"]
[Black "Donchenko, Alexander"]
[Result "1/2-1/2"]
[WhiteTitle "GM"]
[BlackTitle "GM"]
[WhiteElo "2493"]
[BlackElo "2569"]
[WhiteTeam "Cavalier Bleu DRANCY"]
[BlackTeam "VANDOEUVRE Echecs"]
[WhiteFideId "2901188"]
[BlackFideId "24603295"]
[EventDate "2016.05.28"]

1. Nf3 c5 2. c4 Nc6 3. Nc3 g6 4. e3 Nf6 5. d4 cxd4 6. exd4 d5 7. cxd5 Nxd5 8.
Bc4 Nb6 9. Bb3 Bg7 10. d5 Na5 11. O-O O-O 12. Re1 Bg4 13. h3 Nxb3 14. axb3 Bxf3
15. Qxf3 Nc8 16. Bg5 Re8 17. Re2 h6 18. Bh4 Nd6 19. g4 Bf6 20. Bxf6 exf6 21.
Rxe8+ Nxe8 22. Qe3 Kh7 23. Rxa7 Rxa7 24. Qxa7 Nd6 25. Qd4 f5 26. Qe5 fxg4 27.
hxg4 Kg8 28. Kg2 Qd7 29. f3 Qc7 30. b4 Qb6 31. Qf4 g5 32. Qe5 Qxb4 33. Ne2 Qd2
34. b3 Qe1 35. Qb2 Qd1 36. Qe5 Qe1 37. Qb2 Qd1 38. Qe5 1/2-1/2

[Event "TCh-FRA Top 12 2016"]
[Site "Drancy FRA"]
[Date "2016.06.03"]
[Round "7.1"]
[Board "3"]
[White "Brunner, Nicolas"]
[Black "Komarov, Dimitri"]
[Result "1/2-1/2"]
[WhiteTitle "IM"]
[BlackTitle "GM"]
[WhiteElo "2442"]
[BlackElo "2506"]
[WhiteTeam "VANDOEUVRE Echecs"]
[BlackTeam "Cavalier Bleu DRANCY"]
[WhiteFideId "620246"]
[BlackFideId "14101270"]
[EventDate "2016.05.28"]

1. d4 Nf6 2. c4 e6 3. Nc3 Bb4 4. e3 c5 5. Bd3 Nc6 6. Nf3 Bxc3+ 7. bxc3 d6 8. e4
e5 9. d5 Ne7 10. Nd2 Qc7 11. Nf1 h6 12. h4 Bd7 13. Ne3 O-O-O 14. a4 Rdf8 15. a5
g6 16. g4 Ne8 17. h5 Kb8 18. f3 Ng7 19. Ke2 Qc8 20. Qg1 Rfg8 21. Qh2 gxh5 22.
Nf5 Nexf5 23. gxf5 f6 24. Bd2 Be8 25. Qh4 Qd8 26. Rhg1 Bf7 27. Kf2 Ne8 28. Rxg8
Rxg8 29. Bxh6 Qe7 30. Be2 Kc8 31. Rb1 Qd8 32. Ra1 Rh8 33. Bd2 Rg8 34. Be3 Qe7
35. Bh6 Rh8 36. Be3 Rg8 37. Bh6 1/2-1/2

[Event "TCh-FRA Top 12 2016"]
[Site "Drancy FRA"]
[Date "2016.06.03"]
[Round "7.1"]
[Board "4"]
[White "Bijaoui, Manuel"]
[Black "Hamitevici, Vladimir"]
[Result "0-1"]
[WhiteTitle "IM"]
[BlackTitle "IM"]
[WhiteElo "2406"]
[BlackElo "2468"]
[WhiteTeam "Cavalier Bleu DRANCY"]
[BlackTeam "VANDOEUVRE Echecs"]
[WhiteFideId "626783"]
[BlackFideId "13902393"]
[EventDate "2016.05.28"]

1. e4 d6 2. d4 Nf6 3. Nc3 e5 4. Nf3 Nbd7 5. g3 g6 6. Bg2 Bg7 7. O-O O-O 8. h3 c6
9. a4 Qc7 10. Re1 b6 11. Be3 a6 12. Qd2 exd4 13. Nxd4 Ne5 14. Qe2 c5 15. Nb3 Bb7
16. g4 Rfe8 17. g5 Nh5 18. Rad1 Bc6 19. Nd2 b5 20. axb5 axb5 21. Nxb5 Qb8 22. c4
Nxc4 23. Nxc4 Bxb5 24. b3 Be5 25. Qd2 Bxc4 26. bxc4 Ra3 27. Rf1 Qb3 28. Qd5 Ra4
29. Qc6 Ng7 30. Rb1 Qxc4 31. Rb7 Ra6 32. Qd7 Raa8 33. f4 Bd4 34. Bxd4 Qxd4+ 35.
Kh1 Rf8 36. Rb3 c4 37. Rbf3 Ra2 38. f5 Qd2 39. R3f2 Qxf2 40. Rxf2 Rxf2 41. Qc6
gxf5 42. Qxc4 Rb8 43. Kg1 Rd2 44. exf5 Nxf5 45. Be4 Rbb2 46. Qc8+ Kg7 47. Qc3+
Nd4 48. Bd3 Rd1+ 49. Bf1 Rc2 50. Qe3 Ne6 0-1

[Event "TCh-FRA Top 12 2016"]
[Site "Drancy FRA"]
[Date "2016.06.03"]
[Round "7.1"]
[Board "5"]
[White "Bailet, Pierre"]
[Black "Todorov, Todor"]
[Result "1-0"]
[WhiteTitle "IM"]
[BlackTitle "GM"]
[WhiteElo "2499"]
[BlackElo "2494"]
[WhiteTeam "VANDOEUVRE Echecs"]
[BlackTeam "Cavalier Bleu DRANCY"]
[WhiteFideId "655830"]
[BlackFideId "2903237"]
[EventDate "2016.05.28"]

1. d4 d5 2. c4 dxc4 3. e3 e5 4. Bxc4 exd4 5. exd4 Nf6 6. Nf3 Bb4+ 7. Nc3 O-O 8.
O-O Nc6 9. h3 Bf5 10. Bg5 Bxc3 11. bxc3 Qd6 12. Nh4 Bd7 13. Qf3 Na5 14. Bd3 Qc6
15. Qg3 Nh5 16. Qe5 Nc4 17. Qe2 h6 18. Qxh5 Nb2 19. Bf5 Qd5 20. Bxd7 1-0

[Event "TCh-FRA Top 12 2016"]
[Site "Drancy FRA"]
[Date "2016.06.03"]
[Round "7.1"]
[Board "6"]
[White "Chabanon, Jean-Luc"]
[Black "Nezar, Mustapha"]
[Result "1-0"]
[WhiteTitle "GM"]
[BlackTitle "IM"]
[WhiteElo "2452"]
[BlackElo "2364"]
[WhiteTeam "Cavalier Bleu DRANCY"]
[BlackTeam "VANDOEUVRE Echecs"]
[WhiteFideId "600075"]
[BlackFideId "608637"]
[EventDate "2016.05.28"]

1. e4 c5 2. Nf3 e6 3. g3 Nc6 4. Bg2 Nf6 5. d3 d5 6. Nbd2 Be7 7. O-O O-O 8. Re1
b5 9. e5 Nd7 10. Nf1 a5 11. h4 a4 12. a3 b4 13. N1h2 bxa3 14. Rxa3 Bb7 15. Bg5
Nb6 16. Qd2 d4 17. c4 Nb4 18. Bxe7 Qxe7 19. Ng5 Bxg2 20. Kxg2 Qb7+ 21. Kg1 Nd7
22. f4 Rfb8 23. Rea1 Nb6 24. Qe2 h6 25. Ne4 Qc6 26. Ng4 Qc7 27. Ngf2 Qc6 28. g4
Kf8 29. Kh2 Ke7 30. Kg3 Nd7 31. Qd1 Nb6 32. h5 Rg8 33. b3 axb3 34. Ra7+ Rxa7 35.
Rxa7+ Nd7 36. Qxb3 Rc8 37. Qa4 Qxa4 38. Rxa4 f6 39. exf6+ gxf6 40. Ra7 Nc6 41.
Rb7 Nd8 42. Rxd7+ Kxd7 43. Nxf6+ Kc6 44. Ng8 Kd7 45. Nxh6 Nc6 46. g5 Ke7 47.
Nhg4 Kf8 48. g6 Kg7 49. Ne4 Nb4 50. Kh4 Nxd3 51. Kg5 Ra8 52. h6+ Kg8 53. Ngf6+
Kf8 54. h7 Kg7 55. Nh5+ 1-0

[Event "TCh-FRA Top 12 2016"]
[Site "Drancy FRA"]
[Date "2016.06.03"]
[Round "7.1"]
[Board "7"]
[White "Philippe, Christophe"]
[Black "Karr, Jean-Philippe"]
[Result "1-0"]
[WhiteTitle "IM"]
[BlackTitle "IM"]
[WhiteElo "2386"]
[BlackElo "2366"]
[WhiteTeam "VANDOEUVRE Echecs"]
[BlackTeam "Cavalier Bleu DRANCY"]
[WhiteFideId "610038"]
[BlackFideId "612227"]
[EventDate "2016.05.28"]

1. e4 c5 2. b3 Nc6 3. Bb2 e5 4. f4 exf4 5. Nf3 Nf6 6. e5 Ng4 7. Bc4 Be7 8. O-O
O-O 9. h3 d5 10. exd6 Bf6 11. Nc3 Nge5 12. Kh1 Nxf3 13. Qxf3 Be5 14. Rae1 Qxd6
15. Nb5 Qf6 16. Rxe5 Nxe5 17. Qd5 f3 18. Rxf3 Be6 19. Qxe5 Qxe5 20. Bxe5 Bxc4
21. bxc4 Rae8 22. Bc3 Re1+ 23. Kh2 Rc1 24. Nd6 b6 25. Nf5 f6 26. Ne3 Rd8 27. h4
Kf7 28. h5 h6 29. Rg3 Re8 30. Nf5 Rg8 31. Re3 Rf1 32. Nd6+ 1-0

[Event "TCh-FRA Top 12 2016"]
[Site "Drancy FRA"]
[Date "2016.06.03"]
[Round "7.1"]
[Board "8"]
[White "Roumegous, Marina"]
[Black "Steil-Antoni, Fiona"]
[Result "1/2-1/2"]
[WhiteTitle "WIM"]
[BlackTitle "WIM"]
[WhiteElo "2117"]
[BlackElo "2185"]
[WhiteTeam "Cavalier Bleu DRANCY"]
[BlackTeam "VANDOEUVRE Echecs"]
[WhiteFideId "620416"]
[BlackFideId "4001249"]
[EventDate "2016.05.28"]

1. d4 e6 2. Nf3 b6 3. e4 Bb7 4. Bd3 g6 5. Qe2 Bg7 6. O-O Ne7 7. Nbd2 O-O 8. Re1
d6 9. Nf1 Nd7 10. c3 e5 11. Bg5 h6 12. Bd2 Kh7 13. Rad1 f5 14. Bc1 f4 15. dxe5
dxe5 16. Bb5 c6 17. Bc4 Qe8 18. Rd6 b5 19. Be6 Nc5 20. Bh3 Bc8 21. Bxc8 Nxc8 22.
Rd2 g5 23. h3 Qg6 24. b3 Rf7 25. Ba3 Ne6 26. Red1 a5 27. Bd6 h5 28. Nxe5 Bxe5
29. Bxe5 g4 30. hxg4 hxg4 31. Rd7 Ra7 32. Rxa7 Rxa7 33. Nh2 f3 34. Qe3 Rf7 35.
Bg3 Ng5 36. Nxg4 Qh5 37. Nh2 fxg2 38. Rd3 Nf3+ 39. Kxg2 Nh4+ 40. Bxh4 Qxh4 41.
Qh3 Rxf2+ 42. Kg1 Rf4 43. Rd7+ Kg6 44. Qxh4 Rxh4 45. Rc7 Rh8 46. Nf3 Kh5 47.
Rxc6 Kg4 48. Nd4 Kf4 49. Nxb5 Ne7 50. Re6 Rg8+ 51. Kf2 Ng6 52. Nd4 Ne5 53. Ne2+
Kxe4 54. Ng3+ Kd5 55. Ra6 Nd3+ 56. Kf3 Ne1+ 57. Kf2 Nd3+ 58. Kg2 Ne1+ 59. Kf1
Rxg3 60. c4+ Kd4 61. Kxe1 Rg5 62. Kf2 Kc3 63. Ke3 Re5+ 64. Kf4 Rh5 65. Ke4 Rg5
66. Rb6 a4 67. Rb5 Rg2 68. c5 Rxa2 69. c6 axb3 70. c7 Ra4+ 71. Kd5 Rc4 72. Rc5
Rxc5+ 73. Kxc5 b2 74. c8=Q b1=Q 75. Qh3+ Kb2 1/2-1/2

[Event "TCh-FRA Top 12 2016"]
[Site "Drancy FRA"]
[Date "2016.06.03"]
[Round "7.2"]
[Board "1"]
[White "Istratescu, Andrei"]
[Black "Duda, Jan-Krzysztof"]
[Result "0-1"]
[WhiteTitle "GM"]
[BlackTitle "GM"]
[WhiteElo "2592"]
[BlackElo "2666"]
[WhiteTeam "MULHOUSE Philidor"]
[BlackTeam "C.E. de BOIS COLOMBES"]
[WhiteFideId "1200372"]
[BlackFideId "1170546"]
[EventDate "2016.05.28"]

1. d4 d5 2. c4 c6 3. Nf3 Nf6 4. Nc3 e6 5. Bg5 Nbd7 6. cxd5 exd5 7. e3 Qa5 8. Bd3
Ne4 9. O-O Nxg5 10. Nxg5 Qd8 11. f4 Nf6 12. Qc2 g6 13. Rfe1 Bg7 14. b4 O-O 15.
Nf3 Re8 16. h3 Qd6 17. Rab1 Re7 18. Ne5 Be6 19. Qf2 Nd7 20. g4 f6 21. Nf3 Rae8
22. Qg3 Bf7 23. Kf2 a5 24. a3 b6 25. g5 axb4 26. axb4 fxg5 27. Qxg5 c5 28. Nb5
Qc6 29. bxc5 bxc5 30. Ne5 Nxe5 31. dxe5 Bxe5 32. fxe5 Rxe5 33. Qg3 d4 34. e4 c4
35. Nxd4 Qf6+ 36. Qf3 Qh4+ 37. Qg3 Qxg3+ 38. Kxg3 cxd3 39. Rbd1 Bc4 40. Kf4 g5+
41. Kf3 Rxe4 42. Rxe4 Bd5 43. Ke3 Rxe4+ 44. Kxd3 Rh4 45. Rc1 Rxh3+ 46. Ke2 Rh4
47. Nf5 Re4+ 48. Kd3 Re5 49. Ng3 Bf7 50. Kd4 Ra5 51. Rc7 Kg7 52. Rd7 Ra3 53. Ne4
h6 54. Nd6 Rf3 55. Ke4 Rf4+ 56. Ke5 Kg6 57. Ne4 Rf5+ 58. Kd4 h5 59. Rd6+ Kg7 60.
Ng3 Rf3 61. Ne4 g4 62. Ke5 Bg6 63. Kd4 0-1

[Event "TCh-FRA Top 12 2016"]
[Site "Drancy FRA"]
[Date "2016.06.03"]
[Round "7.2"]
[Board "2"]
[White "Bachmann, Axel"]
[Black "Gledura, Benjamin"]
[Result "0-1"]
[WhiteTitle "GM"]
[BlackTitle "IM"]
[WhiteElo "2632"]
[BlackElo "2557"]
[WhiteTeam "C.E. de BOIS COLOMBES"]
[BlackTeam "MULHOUSE Philidor"]
[WhiteFideId "3700488"]
[BlackFideId "712779"]
[EventDate "2016.05.28"]

1. e4 e5 2. Nf3 Nc6 3. Bc4 Nf6 4. d3 Be7 5. O-O O-O 6. a4 d6 7. a5 a6 8. c3 h6
9. Re1 Be6 10. Bxe6 fxe6 11. Nbd2 Nh5 12. Nc4 Qe8 13. d4 exd4 14. cxd4 Qf7 15.
Qe2 Rae8 16. Bd2 Nf4 17. Bxf4 Qxf4 18. d5 exd5 19. exd5 Nd4 20. Nxd4 Qxd4 21.
Rad1 Qc5 22. Qc2 Bf6 23. Rxe8 Rxe8 24. b3 Bd4 25. h3 Rf8 26. Qe4 Bxf2+ 27. Kh2
Qb5 28. Qe6+ Kh8 29. Rd3 Bh4 30. Rf3 Bf6 31. Re3 Qc5 32. Qe4 Qd4 33. Qxd4 Bxd4
34. Re7 Rc8 35. Re4 Bf6 36. Ne3 Bc3 37. Nf5 Be5+ 38. Kg1 Rf8 39. g4 g6 40. Nh4
Kg7 41. Rc4 Rc8 42. Nf3 Kf6 43. Kf2 g5 44. Ke2 c5 45. dxc6 Rxc6 46. Rb4 Rc7 47.
Nxe5 Kxe5 48. Rb6 Kd5 49. Kd3 Rf7 50. Ke2 Kc5 51. Kd2 Kd5 52. Ke3 Ke5 53. Ke2
Rh7 54. Ke3 d5 55. Rg6 d4+ 56. Ke2 Kf4 57. Kf2 h5 58. Rf6+ Ke4 59. gxh5 Rxh5 60.
Rf7 Rxh3 61. Rxb7 Rh2+ 62. Ke1 g4 63. Rg7 Ke3 64. Re7+ Kd3 65. Rg7 Rh1+ 66. Kf2
Kc3 67. Rc7+ Kxb3 68. Rc6 d3 69. Ke3 g3 70. Rb6+ Kc2 71. Rc6+ Kd1 72. Rg6 d2 73.
Rd6 Re1+ 74. Kd4 0-1

[Event "TCh-FRA Top 12 2016"]
[Site "Drancy FRA"]
[Date "2016.06.03"]
[Round "7.2"]
[Board "3"]
[White "Heimann, Andreas"]
[Black "Bauer, Christian"]
[Result "1/2-1/2"]
[WhiteTitle "IM"]
[BlackTitle "GM"]
[WhiteElo "2578"]
[BlackElo "2634"]
[WhiteTeam "MULHOUSE Philidor"]
[BlackTeam "C.E. de BOIS COLOMBES"]
[WhiteFideId "24624632"]
[BlackFideId "603767"]
[EventDate "2016.05.28"]

1. d4 Nf6 2. c4 e6 3. Nc3 Bb4 4. Qc2 Nc6 5. Nf3 d6 6. Bd2 O-O 7. a3 Bxc3 8. Bxc3
Re8 9. Rd1 Qe7 10. e3 e5 11. d5 Nb8 12. Nd2 Bg4 13. f3 Bh5 14. e4 c6 15. Bd3
Nbd7 16. Nf1 Nc5 17. Ne3 Bg6 18. b4 Nxd3+ 19. Qxd3 cxd5 20. cxd5 Nd7 21. O-O
Rec8 22. Rc1 f6 23. Rc2 Rc7 24. Rfc1 Rac8 25. Be1 Nb6 26. Bf2 Qd7 27. g4 h5 28.
h3 Kh7 29. Kg2 a6 30. Qb3 1/2-1/2

[Event "TCh-FRA Top 12 2016"]
[Site "Drancy FRA"]
[Date "2016.06.03"]
[Round "7.2"]
[Board "4"]
[White "Cornette, Matthieu"]
[Black "Bluebaum, Matthias"]
[Result "1/2-1/2"]
[WhiteTitle "GM"]
[BlackTitle "GM"]
[WhiteElo "2579"]
[BlackElo "2633"]
[WhiteTeam "C.E. de BOIS COLOMBES"]
[BlackTeam "MULHOUSE Philidor"]
[WhiteFideId "620084"]
[BlackFideId "24651516"]
[EventDate "2016.05.28"]

1. e4 e6 2. d4 d5 3. Nd2 c5 4. exd5 Qxd5 5. Ngf3 cxd4 6. Bc4 Qd7 7. O-O Nc6 8.
Nb3 a6 9. Nbxd4 Nxd4 10. Nxd4 Qc7 11. Bb3 Nf6 12. Bg5 Bd6 13. h3 Ne4 14. Bh4 Nc5
15. Qg4 Bh2+ 16. Kh1 Be5 17. Nf3 h5 18. Qb4 a5 19. Ba4+ Nxa4 20. Qb5+ Bd7 21.
Qxe5 Qxe5 22. Nxe5 f6 23. Nxd7 Kxd7 24. f4 Rac8 25. Rf3 Rxc2 26. Rg3 Rh7 27. Ra3
Nxb2 28. Rxa5 Rh8 29. Ra3 Nc4 30. Rg3 Rh7 31. a4 Kc6 32. Re1 e5 33. fxe5 Nxe5
34. Rb3 b6 35. Kg1 Rc4 36. Bg3 Rxa4 37. Bxe5 fxe5 38. Rxe5 Rh6 39. Rg5 h4 40.
Rc3+ Kb7 41. Rxg7+ Ka6 42. g3 hxg3 43. Rcxg3 1/2-1/2

[Event "TCh-FRA Top 12 2016"]
[Site "Drancy FRA"]
[Date "2016.06.03"]
[Round "7.2"]
[Board "6"]
[White "Ipatov, Alexander"]
[Black "Sokolov, Andrei1"]
[Result "1/2-1/2"]
[WhiteTitle "GM"]
[BlackTitle "GM"]
[WhiteElo "2648"]
[BlackElo "2528"]
[WhiteTeam "C.E. de BOIS COLOMBES"]
[BlackTeam "MULHOUSE Philidor"]
[WhiteFideId "14116731"]
[BlackFideId "627089"]
[EventDate "2016.05.28"]

1. d4 Nf6 2. c4 e6 3. g3 d5 4. Nf3 Bb4+ 5. Nbd2 O-O 6. Bg2 b6 7. O-O Bb7 8. Ne5
c5 9. a3 Bxd2 10. Bxd2 Ne4 11. dxc5 Nxc5 12. Bc3 dxc4 13. Bxb7 Qxd1 14. Rfxd1
Nxb7 15. Nxc4 Nc6 16. b4 Rfd8 17. b5 Nca5 18. Nxa5 Nxa5 19. Bb4 Nb3 20. Rxd8+
Rxd8 21. Ra2 h5 22. Rc2 Rd5 23. Rc8+ Kh7 24. Rc7 Kg6 25. Rxa7 Rxb5 26. Rd7 Nc5
27. Rd4 Na6 28. e4 Nxb4 29. axb4 f5 30. Kg2 fxe4 31. Rxe4 Kf5 32. Kf3 Rd5 33.
Rf4+ Ke5 34. Ke3 g5 35. Re4+ Kf6 36. Rd4 Re5+ 37. Kd3 g4 38. h3 gxh3 39. Rh4 Rf5
40. Ke3 Ke5 1/2-1/2

[Event "TCh-FRA Top 12 2016"]
[Site "Drancy FRA"]
[Date "2016.06.03"]
[Round "7.2"]
[Board "7"]
[White "Ider, Borya"]
[Black "Vuilleumier, Alexandre"]
[Result "1-0"]
[WhiteTitle "IM"]
[BlackTitle "IM"]
[WhiteElo "2430"]
[BlackElo "2384"]
[WhiteTeam "MULHOUSE Philidor"]
[BlackTeam "C.E. de BOIS COLOMBES"]
[WhiteFideId "4901134"]
[BlackFideId "1305662"]
[EventDate "2016.05.28"]

1. d4 d6 2. Nf3 f5 3. Nc3 Nf6 4. Bg5 Nbd7 5. Qd3 e6 6. e4 fxe4 7. Nxe4 Be7 8.
Nxf6+ Nxf6 9. g3 O-O 10. Bg2 Bd7 11. O-O Qe8 12. Rae1 Qh5 13. h3 Rae8 14. Bd2
Qb5 15. c4 Qa6 16. b3 b5 17. Ng5 bxc4 18. Qxc4 Qxc4 19. bxc4 Bd8 20. Re3 Nd5 21.
Rxe6 Nc3 22. Rxe8 Rxe8 23. Bxc3 Bxg5 24. Rb1 1-0

[Event "TCh-FRA Top 12 2016"]
[Site "Drancy FRA"]
[Date "2016.06.03"]
[Round "7.2"]
[Board "8"]
[White "Congiu, Mathilde"]
[Black "Choisy, Mathilde"]
[Result "1/2-1/2"]
[WhiteTitle "WIM"]
[BlackTitle "WFM"]
[WhiteElo "2267"]
[BlackElo "2181"]
[WhiteTeam "C.E. de BOIS COLOMBES"]
[BlackTeam "MULHOUSE Philidor"]
[WhiteFideId "634581"]
[BlackFideId "634565"]
[EventDate "2016.05.28"]

1. c4 e5 2. Nc3 Nc6 3. g3 g6 4. Bg2 Bg7 5. Nf3 Nf6 6. O-O O-O 7. d3 h6 8. Ne1 d6
9. Rb1 Be6 10. Nd5 a5 11. a3 Nh7 12. b4 axb4 13. axb4 Rb8 14. b5 Ne7 15. Bd2 Qd7
16. Ba5 b6 17. Bc3 Nxd5 18. cxd5 Bh3 19. e4 Bxg2 20. Kxg2 Rbe8 21. Bd2 f5 22. f3
h5 23. Qc1 Qe7 24. Ra1 Rf7 25. Ra7 Ref8 26. Be3 Qd8 27. Rf2 f4 28. Bd2 Qd7 29.
Qc6 Qc8 30. Qb7 Qd7 31. Qc6 Qc8 32. Qb7 Qd7 33. Qc6 1/2-1/2

[Event "TCh-FRA Top 12 2016"]
[Site "Drancy FRA"]
[Date "2016.06.03"]
[Round "7.3"]
[Board "1"]
[White "Degraeve, Jean-Marc"]
[Black "Vachier-Lagrave, Maxime"]
[Result "1/2-1/2"]
[WhiteTitle "GM"]
[BlackTitle "GM"]
[WhiteElo "2561"]
[BlackElo "2788"]
[WhiteTeam "Les Tours de Haute Picardie, SAINT QUENTIN"]
[BlackTeam "CLICHY Echecs 92"]
[WhiteFideId "600270"]
[BlackFideId "623539"]
[EventDate "2016.05.28"]

1. e4 c5 2. Nf3 d6 3. Bb5+ Nd7 4. d4 cxd4 5. Qxd4 a6 6. Bxd7+ Bxd7 7. c4 Nf6 8.
Nc3 e6 9. e5 dxe5 10. Nxe5 Bc6 11. Nxc6 bxc6 12. Qxd8+ Rxd8 13. Ke2 Bc5 1/2-1/2

[Event "TCh-FRA Top 12 2016"]
[Site "Drancy FRA"]
[Date "2016.06.03"]
[Round "7.3"]
[Board "2"]
[White "Tregubov, Pavel V."]
[Black "Sumets, Andrey"]
[Result "1-0"]
[WhiteTitle "GM"]
[BlackTitle "GM"]
[WhiteElo "2593"]
[BlackElo "2571"]
[WhiteTeam "CLICHY Echecs 92"]
[BlackTeam "Les Tours de Haute Picardie, SAINT QUENTIN"]
[WhiteFideId "4115341"]
[BlackFideId "14105500"]
[EventDate "2016.05.28"]

1. d4 d5 2. Nf3 Nf6 3. c4 dxc4 4. e3 e6 5. Bxc4 c5 6. O-O Nc6 7. Nc3 Be7 8. dxc5
Qxd1 9. Rxd1 Bxc5 10. Bd2 O-O 11. Rac1 Bd7 12. e4 Ng4 13. Be1 Rfd8 14. Be2 Bb6
15. Na4 Nd4 16. Nxd4 Bxa4 17. b3 Be8 18. Nxe6 Rxd1 19. Rxd1 Nf6 20. Nf4 Nxe4 21.
Nd5 Bd8 22. g4 a5 23. Bf3 Ng5 24. Bg2 Bc6 25. f4 Ne6 26. f5 Nf8 27. Bf2 a4 28.
b4 f6 29. a3 Rc8 30. Rc1 h5 31. b5 Bd7 32. Rxc8 Bxc8 33. Bb6 Bxb6+ 34. Nxb6 Bd7
35. Nxd7 Nxd7 36. Bxb7 hxg4 37. Bc8 Nb6 38. Be6+ Kf8 39. Kf2 Ke7 40. Kg3 g5 41.
Kxg4 Kd6 42. Kh5 Ke7 43. Kh6 Kf8 44. Kg6 Ke7 45. Kg7 Na8 46. Bc4 Nb6 47. Bd3 Nd7
48. Bc2 Nb6 49. Bd1 1-0

[Event "TCh-FRA Top 12 2016"]
[Site "Drancy FRA"]
[Date "2016.06.03"]
[Round "7.3"]
[Board "3"]
[White "Kveinys, Aloyzas"]
[Black "Tkachiev, Vladislav"]
[Result "0-1"]
[WhiteTitle "GM"]
[BlackTitle "GM"]
[WhiteElo "2539"]
[BlackElo "2660"]
[WhiteTeam "Les Tours de Haute Picardie, SAINT QUENTIN"]
[BlackTeam "CLICHY Echecs 92"]
[WhiteFideId "12800040"]
[BlackFideId "618438"]
[EventDate "2016.05.28"]

1. d4 g6 2. c4 Bg7 3. g3 c5 4. d5 b5 5. cxb5 a6 6. bxa6 Nf6 7. Bg2 d6 8. Nc3 Qa5
9. Bd2 Nbd7 10. Rb1 Nb6 11. b3 O-O 12. Qc2 Qxa6 13. e4 e6 14. dxe6 Bxe6 15. Nge2
d5 16. a4 Nxe4 17. Nxe4 dxe4 18. Be3 Nd5 19. O-O Nxe3 20. fxe3 c4 21. b4 Qxa4
22. Qxe4 Rab8 23. Nd4 Bxd4 24. exd4 Rxb4 25. d5 Bf5 26. Rxf5 gxf5 27. Qxf5 Rxb1+
28. Qxb1 Re8 0-1

[Event "TCh-FRA Top 12 2016"]
[Site "Drancy FRA"]
[Date "2016.06.03"]
[Round "7.3"]
[Board "4"]
[White "Fressinet, Laurent"]
[Black "David, Alberto"]
[Result "1/2-1/2"]
[WhiteTitle "GM"]
[BlackTitle "GM"]
[WhiteElo "2692"]
[BlackElo "2571"]
[WhiteTeam "CLICHY Echecs 92"]
[BlackTeam "Les Tours de Haute Picardie, SAINT QUENTIN"]
[WhiteFideId "608742"]
[BlackFideId "4000013"]
[EventDate "2016.05.28"]

1. d4 Nf6 2. c4 e6 3. Nf3 b6 4. g3 Bb7 5. Bg2 Bb4+ 6. Bd2 c5 7. O-O O-O 8. Bxb4
cxb4 9. Qd3 d6 10. Nbd2 a5 11. Rfd1 Ra7 12. e4 Na6 13. Ne1 Nb8 14. Nc2 Nc6 15.
a3 bxa3 16. Qxa3 e5 17. Nf1 Re8 18. f3 Qb8 19. Nfe3 Bc8 20. Rd2 h5 21. Rad1 Bd7
22. dxe5 dxe5 23. Rd6 Rc8 24. Bf1 Be6 25. R6d2 Nd7 26. Nd5 Nc5 27. Qe3 f6 28.
Kh1 1/2-1/2

[Event "TCh-FRA Top 12 2016"]
[Site "Drancy FRA"]
[Date "2016.06.03"]
[Round "7.3"]
[Board "5"]
[White "Cappon, John"]
[Black "Delorme, Axel"]
[Result "0-1"]
[BlackTitle "IM"]
[WhiteElo "2239"]
[BlackElo "2502"]
[WhiteTeam "Les Tours de Haute Picardie, SAINT QUENTIN"]
[BlackTeam "CLICHY Echecs 92"]
[WhiteFideId "608459"]
[BlackFideId "632023"]
[EventDate "2016.05.28"]

1. e4 e5 2. Nf3 Nc6 3. Bc4 Bc5 4. c3 Nf6 5. d4 exd4 6. cxd4 Bb4+ 7. Nbd2 d5 8.
exd5 Nxd5 9. O-O O-O 10. a3 Be7 11. Ba2 Bg4 12. h3 Bh5 13. g4 Bg6 14. Nc4 Be4
15. Nfe5 Nxe5 16. dxe5 Nb6 17. Nxb6 axb6 18. Qb3 Bc5 19. Be3 Qe7 20. Bxc5 bxc5
21. Qe3 Bc6 22. Rad1 Ra4 23. Bb1 h5 24. g5 Rd4 25. Rxd4 cxd4 26. Qf4 g6 27. Bd3
Qe6 28. Kh2 Qd5 29. Kg3 Re8 30. Re1 Qg2+ 31. Kh4 Bd7 32. Qg3 Qd5 33. Qf4 c5 34.
Bc2 c4 35. Bd1 Bc6 36. Bc2 Re6 37. Bd1 b5 38. Bc2 Re8 39. Bd1 Bb7 40. Bc2 Re6
41. Bd1 Ba8 42. Qg3 b4 43. axb4 Qb7 44. f4 Qxb4 45. f5 gxf5 46. Bxh5 c3 47. Qf4
cxb2 48. Bxf7+ Kxf7 49. Qxf5+ Kg7 50. Qxe6 Qxe1+ 51. Kg4 Qe2+ 0-1